000 01578nam a2200241 a 4500
001 000014235
003 DO-SdBNP
005 20241031124004.0
008 091208s1997 dr acd 001 0 spa d
040 _aDO-SdBNP
_bspa
_cBNPHU
082 _a338.04
_bC748p
111 2 _aConferencia Nacional sobre la Mejora de la Productividad Empresarial
_n(2ª :
_d1996 nov. 26-27 :
_cSanto Domingo, República Dominicana)
_932149
245 1 0 _aPonencias.
260 _aSanto Domingo :
_bINFOTEP,
_c1997.
300 _a89 p. :
_bil., gráfcs., retrs. ;
_c27 cm.
505 0 _gPresentación /
_rArlette Valdéz Aguasvivas --
_tPalabras de inauguración /
_rRafael Albuquerque --
_tPalabras de apertura /
_rArlette Valdéz Aguasvivas --
_tEl desafío de la competitividad en los años noventa /
_rJoseph Ramos --
_tProducción modular: aumento de la productividad /
_rAlex Cruz --
_tPlanes de mejora de la productividad: experiencias de INFOTEP /
_rSergio Marte y Lourdes García --
_tCentro de productividad /
_rAntonio Rodríguez Mansfield --
_tLa participación de los trabajadores en el mejoramiento de la productividad /
_rIsabel Tejada --
_tCreación de un Consejo Nacional de la Productividad y Competitividad /
_rCésar Nicolás Penson.
590 _aInventariado, 2018/LP
650 0 _aOrganización industrial
_xCongresos, conferencias, etc.
_91580
650 0 _aProductividad industrial
_xCongresos, conferencias, etc.
_927637
710 2 _aInstituto Nacional de Formación Técnico Profesional (República Dominicana)
_932152
910 _aValidado. Control de calidad EMS.
942 _2ddc
_cLBS1
999 _c13834
_d13834